00821cam a22002415a 45000010009000000050017000090080041000260200018000670200015000850400033001000820021001331000020001542450088001742500012002622600047002743000035003215040051003566500024004076530022004319420008004539990017004619520101004781226309320180121125240.0001220s2001 enka frb 001 0 eng d a9780566083174 a0566083175 aDLCcDLCdDLCdEG-ScBUEbeng04a659.152222bVEL1 aVelarde, Giles.10aDesigning exhibitions :bmuseums, heritage, trade and world fairs /cGiles Velarde. a2nd ed. aAldershot ;aBurlington :bAshgate,c2001. axxiv, 193 p. :bill. ;c26 cm. aIncludes bibliographical references and index. 7aTrade shows.2BUEsh bGGENcJanuary2018 2ddc c25974d25946 00102ddc4070aMAINbMAINc1STd2018-01-21l0o659.152 VELp000047141r2025-07-15 00:00:00yBB